Serenade no. 2 in A major, op. 16

Hlavní autor: Brahms, Johannes, 1833-1897
Korporativní autor: Komorní harmonie
Další autoři: Strauss, Richard, 1864-1949, Smetáček, Václav, 1906-1986
Jazyk: Neurčený, nezjistitelný
Vydáno: Praha : Supraphon, p1986, c1993
Témata:
Fyzický popis: 1 CD : AAD ; 12 cm + 1 brožura [12 s.].
Zvukové nahrávky
Uloženo v:
LEADER 01258njm a2200313 a 4500
001 000267078
003 CZ BrMZK
005 19950101143423.0
008 950101s1993 xr f und d
028 0 3 |a 110048-2 011  |b Supraphon 
040 |a BOA001  |b cze 
080 |a 785.11"18"(086.7)  |2 MRF 
100 1 |a Brahms, Johannes,  |d 1833-1897  |7 jn19990001019  |4 cmp 
245 1 0 |a Serenade no. 2 in A major, op. 16  |h [zvukový záznam] /  |c Johannes Brahms. Serenade for wind instruments in E flat major, op. 7 / Richard Strauss. 
260 |a Praha :  |b Supraphon,  |c p1986, c1993 
300 |a 1 CD :  |b AAD ;  |c 12 cm +  |e 1 brožura [12 s.]. 
306 |a 004213 
500 |a Nahr. 1986 
500 |a Durata 42:13 
500 |a Text v brož. vicejaz 
511 0 |a Komorní harmonie Praha, dir. Václav Smetáček. 
653 0 |a orchestrální serenády  |a romantická hudba  |a symfonický orchestr 
700 1 |a Strauss, Richard,  |d 1864-1949  |7 jn20000605184  |4 cmp 
700 1 |a Smetáček, Václav,  |d 1906-1986  |7 jk01120036  |4 cnd 
710 2 |a Komorní harmonie  |7 ko2004264212  |4 prf 
910 |a BOA001  |b CD-0003.077 
964 |a Orchestr symfonický  |z stol.19.  |x CD 
990 |a AV 
996 6 |b 261H003113  |c CD-0003.077  |l MZK  |r Sklad / do 24 hodin  |n 0  |w 000267078  |u 000010  |a 1  |e BOA001  |j MZK50  |s P